Задачи по физике: пособие для самообразования

Библиографические подробности
Главный автор: Зубов В. Г. Виктор Геннадиевич
Другие авторы: Шальнов В. П. Владимир Петрович
Язык:русский
Опубликовано: Москва, Наука, 1972
Издание:9-е изд. стер.
Предметы:
Формат: MixedMaterials Книга
Запись в KOHA:https://koha.lib.tpu.ru/cgi-bin/koha/opac-detail.pl?biblionumber=371238

MARC

LEADER 00000nam0a2200000 4500
001 371238
005 20231102012347.0
035 |a (RuTPU)RU\TPU\retro\28648 
035 |a RU\TPU\book\312911 
090 |a 371238 
100 |a 20221004d1972 m y0rusy5003 ca 
101 0 |a rus 
102 |a RU 
105 |a a j 000zy 
200 1 |a Задачи по физике  |e пособие для самообразования  |f В. Г. Зубов, В. П. Шальнов 
205 |a 9-е изд. стер. 
210 |a Москва  |c Наука  |d 1972 
215 |a 272 с.  |c ил. 
453 1 |0 (RuTPU)RU\TPU\book\128312  |t Задачи по физике  |l Problems in physics  |o пособие для самообразования  |f В. Г. Зубов, В. П. Шальнов  |c Москва  |n Мир  |d 1974  |p 293 с.  |a Зубов, В. Г. 
606 1 |a Физика  |2 stltpush  |3 (RuTPU)RU\TPU\subj\63709  |9 80688 
610 1 |a механика 
610 1 |a теплота 
610 1 |a молекулярная физика 
610 1 |a электричество 
610 1 |a магнетизм 
610 1 |a оптика 
610 1 |a задачи 
610 1 |a учебные пособия 
675 |a 53(076)  |v 3 
700 1 |a Зубов  |b В. Г.  |g Виктор Геннадиевич 
701 1 |a Шальнов  |b В. П.  |g Владимир Петрович 
801 0 |a RU  |b RuMRKP  |c 19950704  |g psbo 
801 1 |a RU  |b 63413507  |c 20150325 
801 2 |a RU  |b 63413507  |c 20221004  |g RCR 
942 |c BK